000 01115cam a22003133a 4500
001 4198
003 PGUSA
005 20140828083050.0
008 030601s2003||||xxu|||||s|||||000 | eng d
040 _aPGUSA
_beng
042 _adc
050 4 _aDA
100 1 _aPepys, Samuel,
_d1633-1703
245 1 0 _aDiary of Samuel Pepys — Volume 73 :
_bApril/May 1669
_h[electronic resource] /
_cSamuel Pepys
260 _bProject Gutenberg,
_c2003
506 _aPublic domain in the USA.
516 _aElectronic text
653 _aGreat Britain -- History -- Charles II, 1660-1685 -- Sources
653 _aCabinet officers -- Great Britain -- Diaries
653 _aGreat Britain -- Social life and customs -- 17th century -- Sources
653 _aPepys, Samuel, 1633-1703 -- Diaries
653 _aDiarists -- Great Britain -- Diaries
700 1 _aBright, Mynors,
_d1818-1883
700 1 _aBraybrooke, Richard Griffin, Baron,
_d1783-1858
700 1 _aWheatley, Henry B.
_q(Henry Benjamin),
_d1838-1917
830 0 _aProject Gutenberg
_v4198
856 4 0 _uhttp://www.gutenberg.org/ebooks/4198
942 _cEB
999 _c233527
_d233527